000 00681nam a2200241Ia 4500
003 OSt
005 20220918222438.0
006 a|||||r|||| 00| 0
007 ta
008 220917b |||||||| |||| 00| 0 eng d
024 _a216,873
037 _cTextual
040 _aARTS
_cARTS
_beng
041 _2eng
_aeng
082 _aY:45:5(Z)v3.M20<-L40, P3
100 _aKing Peter
_9143133
245 0 _aCrime, justice, and discreation in England 1740-1820
260 _aOxford
_bOxford Univ. Press
_c2003
300 _axii, 383p
_ccm.
650 _aSOCIOLOGY
942 _hY:45:5(Z)v3.M20<-L40, P3
_cTEXL
_2CC
999 _c275503
_d275503